Music Quiz

Random Music or Clickable Quiz

David Bowie, George Michael or Prince Quiz Stats

 Plays Quiz not verified by Sporcle

Support Sporcle.
Go Orange.
Score 0/24 Timer 03:00
0 Plays Today
% Correct
Prince
98.6%
George Michael
97.2%
David Bowie
96.8%
David Bowie
96.5%
Prince
95.8%
George Michael
94.4%
George Michael
93%
Prince
92.6%
David Bowie
92.3%
George Michael
91.9%
Prince
90.9%
David Bowie
90.9%
% Correct
David Bowie
87.7%
George Michael
86.7%
Prince
83.9%
George Michael
83.9%
David Bowie
80.7%
Prince
79.3%
Prince
76.5%
Prince
73.7%
George Michael
65.6%
George Michael
63.5%
David Bowie
62.5%
David Bowie
52.6%

You're not logged in!

Compare scores with friends on all Sporcle quizzes.
OR
Log In

From the Vault

Multi-Category Sevensomes II

by strokes_static

If three's a crowd what the heck is seven, then?
Remove Ads.
Support Sporcle.
Get the best of Sporcle when you Go Orange. This ad-free experience offers more features, more stats, and more fun while also helping to support Sporcle. Thank you for becoming a member.

Show Comments

Extras

Top Quizzes Today


Score Distribution

Your Account Isn't Verified!

In order to create a playlist on Sporcle, you need to verify the email address you used during registration. Go to your Sporcle Settings to finish the process.

Report this User

Report this user for behavior that violates our Community Guidelines.

Details: